000
00275nam a2200133Ia 4500
100
_a
Moore
942
_c
BK
654
_a
Management
245
_a
Manufacturing Management
260
_b
Taraporevala Sons & Co
_c
2001
082
_a
658
300
_a
895
546
_a
ENGLISH
999
_c
25789
_d
25789